000 00367nam a22001457a 4500
020 _a0-521-67140-X
082 _a510
_bBOL/M
100 _aBOLT BRIAN
100 _aHOBBS DAVID
245 _a101 MATHEMATICAL PROJECTS
_bA RESOURCE BOOK
260 _aUNITED KINGDOM
_bCAMBRIDGE UNIVERSITY PRESS
_c2005
300 _a168
650 _aMATHS REFERENCE
_zINDIA
942 _cBK
999 _c1242
_d1242